Vista normal
Vista MARC
Entrada Término de materia
Número de registros utilizados en: 2
001 - NÚMERO DE CONTROL
- Campo de control: 30450
003 - IDENTIFICADOR DE NÚMERO DE CONTROL
- Campo de control: ES-MaCES
005 - FECHA Y HORA DE LA ULTIMA MODIFICACION
- Campo de control: 19981120142400.0
008 - ELEMENTOS DE DATOS DE LONGITUD FIJA
- Campo de longitud fija: 981120 | azznnbabn || ana d
035 ## - NÚMERO DE CONTROL DEL SISTEMA
- Número de control del sistema: (ILOT)2155
035 ## - NÚMERO DE CONTROL DEL SISTEMA
- Número de control del sistema: CES19980043973s
040 ## - FUENTE DE LA CATALOGACIÓN
- Agencia original de catalogación: ES-MaCES
- Idioma de catalogación: spa
- Agencia de transcripción: ES-MaCES
072 #7 - CÓDIGO DE CATEGORIA DE MATERIA
- Código de categoría temática: 08.12.9
- Fuente del código: ilot
150 ## - ENCABEZAMIENTO--MATERIA
- Término de materia o geográfico como elemento de entrada: materiales de punta
450 ## - TRAZADO VEÁSE--MATERIA
- Término de materia o nombre geográfico como elemento de entrada: materiales avanzadas
550 ## - TRAZADO VEÁSE ADEMÁS--MATERIA
- Subcampo de control: h
- Término de materia o nombre geográfica como elemento de entrada: fibras minerales
550 ## - TRAZADO VEÁSE ADEMÁS--MATERIA
- Subcampo de control: h
- Término de materia o nombre geográfica como elemento de entrada: fibras sintéticas orgánicas
750 #7 - ENTRADA DE ENLACE DE ENCABEZAMIENTO ESTABLECIDO--MATERIA
- Término de materia o nombre geográfico como elemento de entrada: advanced materials
- Fuente del encabezamiento o término: ilot
750 #7 - ENTRADA DE ENLACE DE ENCABEZAMIENTO ESTABLECIDO--MATERIA
- Término de materia o nombre geográfico como elemento de entrada: matériaux avancés
- Fuente del encabezamiento o término: tbit
901 ## - CES. DATOS SIRTEX
- ID Sirtex (N5N8): 0007700004397
- 005BIS Sirtex: 199811201424BATCH
903 ## - CES. DATOS ATES
- Fecha de incorporación 1978: 26/07/90

